000 00722nam a2200253 i 4500
001 C2-0249250
003 PPAK
005 20180727213310.0
008 030429s2001 nyua|||| ||||| | eng d
020 _a0072193158
040 _aPPAK
_beng
_cPPAK
_erda
082 0 4 _a778.59302855369
_223
090 0 0 _a778.59302855369
_bBLA
_dR
100 1 _aBlack, Bonnie,
_eauthor
245 1 0 _aAdobe premiere :
_bvirtual classroom
264 1 _aNew York :
_bOsborne ,
_c2001
300 _axix, 316 pages :
_billustrations ;
_c26 cm +
336 _2rdacontent
_atext
337 _2rdamedia
_aunmediated
338 _2rdacarrier
_avolume
500 _aIncludes index
650 1 0 _aAdobe Premiere (Computer file)
942 _ddc
_cB
999 _c62799
_d62799